Ballast water management convention = Convention sur la gestion des eaux de ballast = Convenio sobre la gestin del agua de lastre

Αποθηκεύτηκε σε:
Λεπτομέρειες βιβλιογραφικής εγγραφής
Συγγραφή απο Οργανισμό/Αρχή: International Maritime Organization (Επιμελητής έκδοσης)
Μορφή: Βιβλίο
Γλώσσα:Multiple
Δημοσίευση: London : International Maritime Organization, 2005.
Έκδοση:2η έκδ.
Θέματα:
Ετικέτες: Προσθήκη ετικέτας
Δεν υπάρχουν, Καταχωρήστε ετικέτα πρώτοι!

MARC

LEADER 00000cam a2200000 i 4500
001 1/89831
008 080626s2005####enk| | ||| |||| ||mul||
020 |a 9789280100334  
020 |a 9280100335  
035 |l 10098472 
040 |a GR-MY-UA  |b gre  |e aacr 
041 1 |a mul 
082 0 |a 353.00722   |2 (22)  
245 1 0 |a Ballast water management convention =   |b Convention sur la gestion des eaux de ballast = Convenio sobre la gestin del agua de lastre /   |c International Maritime Organization.  
246 1 |i Παράλληλος τίτλος:   |a Convention sur la gestion des eaux de ballast  
246 1 |i Παράλληλος τίτλος:   |a Convenio sobre la gestin del agua de lastre  
250 |a 2η έκδ.  
260 |a London :   |b International Maritime Organization,   |c 2005.  
300 |a xix, 138 σ. :   |b εικ. ;   |c 24 εκ.  
650 0 0 |a Ballast (Ships)  |x Environmental aspects. 
650 0 0 |a Discharge of ballast water. 
710 2 |e edt  |a International Maritime Organization. 
852 |a INST  |b CHIOS  |e 20080626  |h 353.00722 BAL  |p 005200027241  |q 005200027241  |t BK  |y 0 
901 |a BIBL2-2008-2 
909 |a Χ  |b 152734 
922 |a 2ΕΛΗ  |b 200803  |c ΕΠΕΑΕΚ2/ΤΝΕΥ  |d ΕΛΕΥΘΕΡΟΥΔΑΚΗΣ 
970 |a Βάρφης  |b Βαγγέλης  |z 2008/06/26